Normal view MARC view
  • Cricket--India--History. Cricket--Pakistan--History. India--Foreign relations--Pakistan. Pakistan--Foreign relations--India.

Entry Topical Term

Number of records used in: 4

001 - CONTROL NUMBER

  • control field: 3821

003 - CONTROL NUMBER IDENTIFIER

  • control field: NUST

005 - DATE AND TIME OF LATEST TRANSACTION

  • control field: 20170807124938.0

008 - FIXED-LENGTH DATA ELEMENTS

  • fixed length control field: 170807|| aca||aabn | a|a d

040 ## - CATALOGING SOURCE

  • Original cataloging agency: NUST
  • Transcribing agency: NUST

150 ## - HEADING--TOPICAL TERM

  • Topical term or geographic name entry element: Cricket--India--History. Cricket--Pakistan--History. India--Foreign relations--Pakistan. Pakistan--Foreign relations--India.

670 ## - SOURCE DATA FOUND

  • Source citation: Work cat.: (NUST): Khalid, Mahmood Syed 3820, Cricket Fever: A history of Pakistan-India Tours, 2008
© 2023 Central Library, National University of Sciences and Technology. All Rights Reserved.